000 00418nam a22001697a 4500
005 20260425125222.0
008 260425b |||||||| |||| 00| 0 eng d
020 _a978-81-89235-44-4
041 _aeng
082 _a615.321
100 _aAcharya Balkrishna,
_99018
245 _aAyurved Jari Buti Rahasya
260 _aHARIDWAR
_bDIVYA PRAKASHAN
300 _a1096;P
650 _aherbal drugs
_99020
942 _cBK
999 _c9123
_d9121